Diritto canonico: persone, comunità, missione. A 40 anni dalla promulgazione del codice per la chiesa latina.
Salvato in:
| Autore principale: | |
|---|---|
| Altri autori: | |
| Natura: | Sconosciuto |
| Lingua: | inglese |
| Pubblicazione: |
Napoli, Italia:
Editoriale Scientifica,
2024.
|
| Soggetti: | |
| Tags: |
Aggiungi Tag
Nessun Tag, puoi essere il primo ad aggiungerne!!
|
MARC
| LEADER | 00000 a2200000 4500 | ||
|---|---|---|---|
| 003 | CL-VaPUC | ||
| 005 | 20250103100421.0 | ||
| 008 | 240906t2024 ||||| |||| 00| 0 eng d | ||
| 999 | |c 444611 |d 444609 | ||
| 020 | |a 9778-12-5976-892-6 | ||
| 040 | |c Pontificia Universidad Católica de Valparaíso | ||
| 082 | |2 22 |a 262.94 PAL 2024 | ||
| 100 | |a Palumbo, Paolo |9 891038 |e a cura | ||
| 245 | |a Diritto canonico: |b persone, comunità, missione. A 40 anni dalla promulgazione del codice per la chiesa latina. | ||
| 260 | |a Napoli, Italia: |b Editoriale Scientifica, |c 2024. | ||
| 300 | |a 301 páginas. | ||
| 583 | |k Yessy Díaz Vidal |c 20240906 | ||
| 610 | 0 | |9 891114 |a Università Giustino Fortunato |v Jornadas de estudio |y 2023 | |
| 610 | 0 | |9 891115 |a Pontificia Facoltà Teologica dell’Italia Meridionale |v Jornadas de estudio |y 2023 | |
| 650 | 0 | |9 254934 |a Derecho canónico |x Iglesia Latina |y 1983-2023 | |
| 650 | 0 | |a Iglesia Católica |x Códigos y reformas |y Siglo 21 |9 256114 | |
| 700 | |9 891110 |a Foderaro, Antonio |e a cura | ||
| 942 | |2 ddc |c BK | ||
| 952 | |0 0 |1 0 |2 ddc |4 0 |6 262_940000000000000_PAL_2024 |7 0 |8 A |9 596599 |a BIBDER |b BIBDER |d 2024-09-04 |e 13 |g 71876.00 |i 5662623 |l 1 |m 1 |o 262.94 PAL 2024 |p 5662623 |q 2025-12-31 |r 2024-10-08 |s 2024-10-08 |t 1 |v 71876.00 |w 2024-09-04 |y BK |k DER | ||